Enjoying roses / (Record no. 8447)
[ view plain ]
| 000 -LEADER | |
|---|---|
| fixed length control field | 00956nac a22002531u 4500 |
| 010 ## - LIBRARY OF CONGRESS CONTROL NUMBER | |
| LC control number | 92070585 |
| 020 ## - INTERNATIONAL STANDARD BOOK NUMBER | |
| International Standard Book Number | 0897212428 : |
| 082 00 - DEWEY DECIMAL CLASSIFICATION NUMBER | |
| Classification number | 635.933372 |
| Item number | GOL |
| 090 ## - LOCALLY ASSIGNED LC-TYPE CALL NUMBER (OCLC); LOCAL CALL NUMBER (OCLC) | |
| -- | 8447 |
| -- | 8447 |
| 100 ## - MAIN ENTRY--PERSONAL NAME | |
| Personal name | Goldenberg, Janet |
| 245 10 - TITLE STATEMENT | |
| Title | Enjoying roses / |
| Statement of responsibility, etc | created by the editorial staff of Ortho Books ; project editor, Janet Goldenberg ; writer, Ann Reilly ; principal photographer, Saxon Holt ; illustrators, Cyndie C.H. Wooley, Ron Hildebrand. |
| 260 ## - PUBLICATION, DISTRIBUTION, ETC. (IMPRINT) | |
| Place of publication, distribution, etc | San Ramon, CA : |
| Name of publisher, distributor, etc | Ortho Books,1992 |
| Date of publication, distribution, etc | c1992. |
| 300 ## - PHYSICAL DESCRIPTION | |
| Extent | 352 p. : |
| Other physical details | col. ill. ; |
| Dimensions | 29 cm. |
| 500 ## - GENERAL NOTE | |
| General note | Includes index. |
| 500 ## - GENERAL NOTE | |
| General note | Distributer: Al-Ahram |
| 511 ## - PARTICIPANT OR PERFORMER NOTE | |
| Participant or performer note | Catalogued by: Sara |
| 650 #0 - SUBJECT ADDED ENTRY--TOPICAL TERM | |
| Topical term or geographic name as entry element | Roses. |
| 650 #0 - SUBJECT ADDED ENTRY--TOPICAL TERM | |
| Topical term or geographic name as entry element | Rose culture. |
| 700 1# - ADDED ENTRY--PERSONAL NAME | |
| Personal name | Reilly, Ann |
| 700 1# - ADDED ENTRY--PERSONAL NAME | |
| Personal name | Holt, Saxon. |
| 710 2# - ADDED ENTRY--CORPORATE NAME | |
| Corporate name or jurisdiction name as entry element | Ortho Books. |
| 942 ## - ADDED ENTRY ELEMENTS (KOHA) | |
| Item type | Book - Borrowing |
| Call number prefix | 635.933372GOL |
| Withdrawn status | Item status | Damaged status | Not for loan | Home library | Current library | Shelving location | Date acquired | Source of acquisition | Total Checkouts | Full call number | Barcode | Date last seen | Date last borrowed | Koha item type |
|---|---|---|---|---|---|---|---|---|---|---|---|---|---|---|
| Central Library | Central Library | First floor | 09/03/2008 | Purchase | 1 | 635.933372GOL | 000010248 | 15/07/2025 | 18/02/2009 | Book - Borrowing |